Casualpredigten: in Beiträgen namhafter Geistlichen der evangelisch-lutherischen Kirche Deutschlands

Saved in:  
Bibliographic Details
Contributors: Leonhardi, Gustav 1826-1894 (Other)
Format: Print Book
Language:German
Subito Delivery Service: Order now.
Check availability: HBZ Gateway
Interlibrary Loan:Interlibrary Loan for the Fachinformationsdienste (Specialized Information Services in Germany)
Published: Leipzig Teubner 1883
In:Year: 1883
Volumes / Articles:Show volumes/articles.
Sammlungen:

MARC

LEADER 00000cam a22000002ca4500
001 590856685
003 DE-627
005 20240702132916.0
007 tu
008 090128m18831883xx ||||| 00| ||ger c
035 |a (DE-627)590856685 
035 |a (DE-576)9590856683 
035 |a (DE-599)GBV590856685 
040 |a DE-627  |b ger  |c DE-627  |e rakwb 
041 |a ger 
044 |c XA-DXDE 
084 |a 1  |2 ssgn 
245 0 0 |a Casualpredigten  |b in Beiträgen namhafter Geistlichen der evangelisch-lutherischen Kirche Deutschlands  |c hrsg. von Gustav Leonhardi 
264 1 |a Leipzig  |b Teubner  |c 1883 
300 |a Samml. 2 
336 |a Text  |b txt  |2 rdacontent 
337 |a ohne Hilfsmittel zu benutzen  |b n  |2 rdamedia 
338 |a Band  |b nc  |2 rdacarrier 
601 |a Beitrag 
601 |a Geistlicher 
601 |a Deutschland 
700 1 |0 (DE-588)172237742  |0 (DE-627)673274799  |0 (DE-576)161961665  |4 oth  |a Leonhardi, Gustav  |d 1826-1894 
935 |a RFBW  |a mteo 
951 |a MC 
ELC |b 1 
LOK |0 000 xxxxxcx a22 zn 4500 
LOK |0 001 4493305916 
LOK |0 003 DE-627 
LOK |0 004 590856685 
LOK |0 005 20240904083632 
LOK |0 008 240228||||||||||||||||ger||||||| 
LOK |0 040   |a DE-Tue135  |c DE-627  |d DE-Tue135 
LOK |0 092   |o n 
LOK |0 852   |a DE-Tue135 
LOK |0 852 1  |9 00 
LOK |0 866   |x SPQUE#Reformationsgeschichtliche Forschungsbibliothek Wittenberg#SPSAM#Predigerseminar#SPUSM#Bestand(1952-2017) 
LOK |0 935   |a RFBW  |a bips  |a psnb 
LOK |0 939   |a 28-02-24  |b l01 
ORI |a SA-MARC-ixtheoa001.raw 
SPR |a 1  |t IXT